Statistics for Analogies #11

Click here to take the quiz!

General Stats

  • This quiz has been taken 20,346 times
    (13,318 since last reset)
  • The average score is 13 of 20

Answer Stats

This is to this ...As ...% Correct
BC is to ADAM is to {PM}
95%
Manicure is to Fingers{Pedicure} is to Toes
94%
£ is to Pound¥ is to {Yen}
90%
Alexa is to Amazon{Siri} is to Apple
87%
O is to MonoxideO2 is to {Dioxide}
80%
Regicide is to KingHerbicide is to {Plant}
74%
Agua is to EauSí is to {Oui}
71%
Manga is to Comic Books{Anime} is to Cartoons
65%
Poirot is to Christie{Holmes} is to Conan Doyle
62%
Nevis is to KittsGrenadines are to {Vincent}
61%
Front is to BackBow is to {Stern}
59%
7 is to Ampersand1 is to {Exclamation} {Point}
58%
Net is to Profit{Gross} is to Revenue
58%
9 is to Billion100 is to {Googol}
53%
Vino is to VeritasWine is to {Truth}
53%
Gerontologist is to Old{Pediatrician} is to Young
50%
Joaquin Phoenix is to
Johnny Cash
Jamie Foxx is to
{Ray} {Charles}
44%
Err is to Human{Forgive} is to Divine
40%
4 is to Ring3 is to {Middle}
36%
Alex is to KeanuBill is to {Ted}
34%

Score Distribution

Percentile by Number Answered

Percent of People with Each Score

Your Score History

You have not taken this quiz since the last reset